Państwa z najmocniejszą armią na świecie (stan na 2023) - Statystyki

Ogólne statystyki
  • Ten quiz został rozwiązany 69 razy
  • Średni wynik to 40 z 50
Statystyki odpowiedzi
Hint Odpowiedź % Poprawnych
3 Chiny
100%
20 Polska
100%
2 Rosja
100%
1 Stany Zjednoczone
100%
9 Francja
98%
6 Korea Południowa
98%
25 Niemcy
98%
12 Brazylia
97%
8 Japonia
97%
4 Indie
95%
31 Meksyk
95%
37 Szwecja
95%
15 Ukraina
95%
5 Wielka Brytania
95%
14 Egipt
93%
21 Hiszpania
93%
27 Kanada
93%
34 Korea Północna
93%
10 Włochy
93%
11 Turcja
92%
18 Izrael
90%
28 Argentyna
88%
16 Australia
88%
17 Iran
88%
33 Republika Południowej Afryki
86%
35 Norwegia
85%
22 Arabia Saudyjska
83%
45 Irak
83%
7 Pakistan
83%
46 Chile
81%
50 Dania
81%
26 Algieria
78%
13 Indonezja
78%
41 Portugalia
76%
47 Rumunia
75%
24 Tajlandia
73%
19 Wietnam
73%
39 Holandia
71%
48 Czechy
69%
30 Grecja
69%
43 Kolumbia
69%
36 Nigeria
68%
23 Tajwan
63%
32 Filipiny
58%
44 Szwajcaria
58%
40 Bangladesz
51%
42 Malezja
51%
49 Etiopia
36%
38 Mjanma
32%
29 Singapur
24%
Nie znaleziono quizów pasujących do podanych kryteriów
Rozkład punktacji
Procent ludzi z każdym wynikiem
Percentyl według liczby udzielonych odpowiedzi
Twoja historia wyników
Nie rozwiązałeś tego quizu